Mathematik für Ökonomen Formeln, Tabellen, Zusammenstallungen zum Hochschullehrbuch

Salvato in:
Dettagli Bibliografici
Natura: Libro
Lingua:tedesco
Pubblicazione: Berlin Wirtschaft 1986
Edizione:2. unveränd. Aufl.
Tags: Aggiungi Tag
Nessun Tag, puoi essere il primo ad aggiungerne!!

MARC

LEADER 00000nam a2200000 4500
001 c033141
005 20221220073926.7
041 0 |a ger 
044 |a DE 
245 1 0 |a Mathematik für Ökonomen  |b Formeln, Tabellen, Zusammenstallungen zum Hochschullehrbuch 
250 |a 2. unveränd. Aufl. 
264 1 |a Berlin  |b Wirtschaft  |c 1986 
300 |a 181 s.